000
00304nam a22001217a 4500
008
160613b xxu||||| |||| 00| 0 eng d
020
_a
9780397548231
020
_a
0397548230
041
_a
eng
080
_a
618.2
245
_a
Theoretical nursing development progress:
_c
Afaf I. Meleis;
942
_2
udc
_c
BK
999
_c
2440
_d
2440